Vlastná značka obchodníka ako úspešný marketingový nástroj
Pojem vlastná značka ( angl. private label). Možnosť lepšie predať istú kvalitu a profilovať sa na trhu. Trend vývoja podielu vlastných značiek obchodníkov v jednotlivých sortimentných kategóriách. Hlavné činitele úspešného postavenia vlastných značiek na trhu. Porovnanie postavenia vlastných značie...
Gespeichert in:
| 1. Verfasser: | |
|---|---|
| Format: | Buchkapitel |
| Sprache: | Slowakisch |
| Schlagworte: | |
| Tags: |
Keine Tags, Fügen Sie das erste Tag hinzu!
|
MARC
| LEADER | 00000naa$a2200000$$$4500 | ||
|---|---|---|---|
| 001 | 0073975 | ||
| 005 | 20240502071858.1 | ||
| 041 | 0 | |a slo | |
| 044 | |a SK | ||
| 245 | 1 | 0 | |a Vlastná značka obchodníka ako úspešný marketingový nástroj |c Zuzana Lukačovičová |
| 520 | |a Pojem vlastná značka ( angl. private label). Možnosť lepšie predať istú kvalitu a profilovať sa na trhu. Trend vývoja podielu vlastných značiek obchodníkov v jednotlivých sortimentných kategóriách. Hlavné činitele úspešného postavenia vlastných značiek na trhu. Porovnanie postavenia vlastných značiek obchodníkov vo vybraných krajinách (SR, ČR, Maďarsko, Poľsko). | ||
| 610 | 2 | 0 | |a značky výrobkov |
| 610 | 2 | 0 | |a tovar spotrebný |
| 610 | 2 | 0 | |a obchod |
| 610 | 2 | 0 | |a maloobchod |
| 610 | 2 | 0 | |a podnik obchodný |
| 610 | 2 | 0 | |a trh |
| 610 | 2 | 0 | |a zákazníci |
| 610 | 2 | 0 | |a marketing |
| 610 | 2 | 0 | |a nástroje marketingové |
| 100 | 1 | |a Lukačovičová, Zuzana | |